A migráns irodalom lehetőségei a közép-európai irodalmakban
A migráns irodalom terminusa a 80-as évektől kezdődően került be az irodalomtudomány diskurzusába, s olyan elméleti térrel került kapcsolatba, amelynek kulcsfogalmai a kisebbségi irodalom, a posztkolonializmus, a multikulturalizmus, a határátlépés, a vendégmunkás-irodalom, az inter- és transzkultura...
Elmentve itt :
| Szerző: | |
|---|---|
| Dokumentumtípus: | Cikk |
| Megjelent: |
2016
|
| Sorozat: | Iskolakultúra
26 No. 1 |
| mtmt: | http://www.iskolakultura.hu/ikultura-folyoirat/documents/2016/01/08.pdf |
| Online Access: | http://misc.bibl.u-szeged.hu/41550 |
| LEADER | 01409nab a2200193 i 4500 | ||
|---|---|---|---|
| 001 | misc41550 | ||
| 005 | 20191106140414.0 | ||
| 008 | 180706s2016 hu o 0|| zxx d | ||
| 022 | |a 1215-5233 | ||
| 024 | 7 | |a http://www.iskolakultura.hu/ikultura-folyoirat/documents/2016/01/08.pdf |2 doi | |
| 040 | |a SZTE Miscellanea Repozitórium |b hun | ||
| 041 | |a zxx | ||
| 100 | 1 | |a Németh Zoltán | |
| 245 | 1 | 2 | |a A migráns irodalom lehetőségei a közép-európai irodalmakban |h [elektronikus dokumentum] / |c Németh Zoltán |
| 260 | |c 2016 | ||
| 300 | |a 63-69 | ||
| 490 | 0 | |a Iskolakultúra |v 26 No. 1 | |
| 520 | 3 | |a A migráns irodalom terminusa a 80-as évektől kezdődően került be az irodalomtudomány diskurzusába, s olyan elméleti térrel került kapcsolatba, amelynek kulcsfogalmai a kisebbségi irodalom, a posztkolonializmus, a multikulturalizmus, a határátlépés, a vendégmunkás-irodalom, az inter- és transzkulturalitás, az otthontalanság, a hibriditás, a pluralizmus, a„patchwork-identitás”, a különösség, az asszimiláció, a kétnyelvűség, a kreolizáció, a globalizáció és a posztmodern, illetve posztmodernitás. A tanulmány az elméleti tér körüljárása és történeti párhuzamok elemzése után a közép-európai migráns irodalom lehetőségeivel foglalkozik, különös tekintettel a magyar irodalomra. | |
| 856 | 4 | 0 | |u http://misc.bibl.u-szeged.hu/41550/1/08.pdf |z Dokumentum-elérés |